| 000 | 00951nam a2200229Ia 4500 | ||
|---|---|---|---|
| 001 | L200-2556 | ||
| 003 | IT-CnALBA | ||
| 008 | 170116s9999||||xx |||||||||||||| ||und|| | ||
| 040 |
_aIT-CnALBA _cIT-CnALBA |
||
| 041 | _aITALIANO | ||
| 100 | _aAA. VV. | ||
| 245 | 0 | _aTEOLOGIA PER CORRISPONDENZA. | |
| 250 | _a1a ed. | ||
| 260 |
_a ROMA _bCENTRO UT UNUM SINT _c1969 [1° Ed.:1969 - Ed.Ling.Originale: 1969] |
||
| 300 | _a200 p. | ||
| 500 | _aSACRA SCRITTURA DI FAVERO ROBERTO. TEOLOGIA FONDAMENTALE DI LOCATELLI ALDO. TEOLOGIA MORALE DI ROSSI LEANDRO. OTTAVA SETTIMANA DI STUDIO. | ||
| 501 | _aSocietà San Paolo EM - Piazza San Paolo, 14 - 12051 ALBA (CN) (non commercial uses only) ® Copyright 2017 | ||
| 520 | _aSACRA SCRITTURA DI FAVERO ROBERTO. TEOLOGIA FONDAMENTALE DI LOCATELLI ALDO. TEOLOGIA MORALE DI ROSSI LEANDRO. OTTAVA SETTIMANA DI STUDIO. | ||
| 650 | _aRELIGIONE - RELIGIONE CRISTIANA | ||
| 942 | _cBK | ||
| 957 | _71 | ||
| 999 |
_a3536 _bNO _g Copie: 1 _c261744 _d261744 |
||